Statistics for Country to capital #3

Click here to take the quiz!

General Stats

  • This quiz has been taken 30 times
  • The average score is 9 of 10

Answer Stats

HintAnswer% Correct
PolandWarsaw
96%
ArgentinaBuenos Aires
93%
GuatemalaGuatemala City
93%
TunisiaTunis
93%
VenezuelaCaracas
89%
SenegalDakar
89%
Democratic Republic of the CongoKinshasa
89%
North KoreaPyongyang
89%
AzerbaijanBaku
85%
FijiSuva
63%

Score Distribution

Percentile by Number Answered

Percent of People with Each Score

Your Score History

You have not taken this quiz